| 000 | 00863cab a2200253 4500 | ||
|---|---|---|---|
| 001 | X93359 | ||
| 008 | 090401t1998 xxu||||| |||| 00| 0 eng d | ||
| 035 | _a(Sirsi) u87930 | ||
| 041 | _aeng | ||
| 245 | _aStanton v Callaghan | ||
| 260 | _c1998 | ||
| 350 | _a0 | ||
| 490 |
_aNew Property Cases _v[1998] NPC 113 (13/7/98) |
||
| 520 | _a"Stanton v Callaghan" CA 8 July 1998. A very important case on the freedom from suit by his clients, of an expert witness who changes his report without first consulting his clients or their solicitor. (Taken from journal headnote. Not to be photocopied.) | ||
| 650 |
_aEXPERT WITNESS _96239 |
||
| 650 | _aNEGLIGENCE | ||
| 650 | _aSOLICITOR | ||
| 650 | _aSTANTON V CALLAGHAN | ||
| 650 | _aSUBSIDENCE | ||
| 650 | _aUNDERPINNING | ||
| 690 | _aPROFESSIONAL PRACTICE-CASE LAW | ||
| 942 | _n0 | ||
| 948 | _c10/08/1998 | ||
| 999 |
_c55492 _d55492 |
||